[Event "2017 Standard Chess Dropout Tournament, Round 1"]
[Site "SchemingMind.com"]
[Date "2016.11.30"]
[Round "1"]
[White "Mekk"]
[Black "Clive Everill"]
[Result "1/2-1/2"]
[WhiteCountry "POL"]
[BlackCountry "CZE"]
[WhiteElo "1851"]
[WhiteRD "100"]
[BlackElo "1724"]
[BlackRD "61"]
[GameID "407021"]

1. c4 Nf6 2. g3 e5 3. Bg2 c6 4. Nf3 e4 5. Ng5 d5 6. O-O h6 7. Nh3 Bc5 8. cxd5 cxd5 9. d3 Bf5 10. dxe4 Bxe4
11. Nc3 Bxg2 12. Kxg2 O-O 13. Nf4 d4 14. Na4 Be7 15. b3 b5 16. Nb2 Nc6 17. a4 g5 18. Nfd3 Qd5+ 19. Kg1 b4 20. Nc4 Ne4
21. Qe1 Nc3 22. f3 Qe6 23. e4 a5 24. Kg2 Kh7 25. Rh1 Rae8 26. e5 Bd8 27. Nc5 Qd5 28. Nd3 Bc7 29. Qf2 Nxe5 30. Ndxe5 Bxe5
31. Bd2 f5 32. h3 Bf6 33. Rae1 d3 34. Rxe8 Rxe8 35. Re1 Bd4 36. Qf1 Rxe1 37. Qxe1 Ne2 38. g4 fxg4 39. hxg4 Bc3 40. Qf2 Bxd2
41. Qa7+ Kg6 42. Nxd2 Qe5 43. Qb6+ Kg7 44. Qa7+ Kg6 45. Qb6+ Kg7 46. Qa7+ Kf6 47. Qb6+ Ke7 48. Qa7+ Ke6 49. Qb6+ Qd6 50. Qe3+ Kd7
51. Ne4 Qd4 52. Qxd3 Qxd3 53. Nc5+ Kd6 54. Nxd3 Kd5 55. Kf2 Nd4 56. Nc1 Ke5 57. Nd3+ Kd5 58. Nc1 Nc2 59. Ke2 Kd4 60. Kd2 Na3
61. Ne2+ Ke5 62. Kd3 Kd5 63. Nd4 Nb1 64. Nf5 Ke5 65. Nxh6 Kf4 66. Ke2 Nc3+ 67. Kf2 Nd1+ 68. Ke1 Ne3 69. Ke2 Ng2 70. Nf5 Ke5
71. Kf2 Nf4 72. Ke3 Ng2+ 73. Kd3 Ne1+ 74. Ke2 Nc2 75. Kd3 Ne1+ 76. Kc4 Nxf3 77. Kb5 Kf4 78. Nh6 Ne5 79. Kxa5 Nxg4 80. Nxg4 Kxg4
81. Kxb4 Kf4 82. a5 g4 83. a6 g3 84. a7 g2 85. a8=Q g1=Q 86. Qf8+ Ke4 87. Qe7+ Kd3 88. Qd6+ Kc2 89. Qc6+ Kb1 90. Qe4+ Kc1
91. Kc3 Qg7+ 92. Qd4 Qg3+ 93. Qd3 Qg7+ 94. Kb4 Qf8+ 95. Kc3 Qf6+ 96. Qd4 Qf3+ 97. Kb4 Qb7+ 98. Kc4 Qf7+ 99. Qd5 Qf4+ 100. Kc5 Qf8+
101. Kb6 Kb2 102. Kc7 Qf4+ 103. Kc6 Qa4+ 104. Qb5 Qxb5+=
1/2-1/2

[Event "2017 Standard Chess Dropout Tournament, Round 1"]
[Site "SchemingMind.com"]
[Date "2016.11.29"]
[Round "1"]
[White "MichaelG"]
[Black "GKThomas"]
[Result "1/2-1/2"]
[WhiteCountry "GER"]
[BlackCountry "USA"]
[WhiteElo "1863"]
[WhiteRD "84"]
[BlackElo "1980"]
[BlackRD "118"]
[GameID "407022"]

1. d4 Nf6 2. Nf3 d6 3. c4 g6 4. Nc3 Bg7 5. g3 c6 6. Bg2 Bf5 7. O-O Nbd7 8. Re1 O-O 9. e4 Bg4 10. h3 Bxf3
11. Bxf3 Ne8 12. Be3 Nc7 13. Rc1 h5 14. Bg2 e6 15. Qd2 e5 16. dxe5 Nxe5 17. b3 Qf6 18. f4 Nd7 19. Red1 Ne8 20. e5 Qe6
21. Ne4 f6 22. exd6 f5 23. Nc5 Nxc5 24. Bxc5 Qd7 25. Bb4 Rd8 26. Bc3 Bxc3 27. Rxc3 Qxd6 28. Rd3 Qxd3 29. Qxd3 Rxd3 30. Rxd3 Nf6
31. Kf2 Re8 32. Rd6 Kg7 33. Bf3=
1/2-1/2

[Event "2017 Standard Chess Dropout Tournament, Round 1"]
[Site "SchemingMind.com"]
[Date "2016.11.29"]
[Round "1"]
[White "Michal Drus"]
[Black "Simon Green"]
[Result "0-1"]
[WhiteCountry "POL"]
[BlackCountry "ENG"]
[WhiteElo "1366"]
[WhiteRD "81"]
[BlackElo "1688"]
[BlackRD "62"]
[GameID "407023"]

1. e4 e6 2. d4 d5 3. exd5 exd5 4. c4 dxc4 5. Bxc4 Nf6 6. Bg5 Be7 7. Bxf6 Bxf6 8. Qe2+ Qe7 9. Nf3 Qxe2+ 10. Bxe2 O-O
11. O-O Nc6 12. Rd1 Rd8 13. Ne5 Nxd4 14. Nxf7 Kxf7 15. Bc4+ Be6 16. Bxe6+ Kxe6 17. Nc3 Nc2 18. Rac1 Rxd1+ 19. Rxd1 Bxc3 20. bxc3 Rf8
21. Rd2 Na3 22. Kf1 Rf7 23. h4 Nc4 24. Rd4 b5 25. Ke2 Ke5 26. g3 c5 27. Rd8 Nd6 28. f4+ Kd5 29. Ke3 Re7+ 30. Kf3 Ke6
31. g4 Nc4 32. f5+ Kf6 33. Kf4 Nb6 34. Rd6+ Kf7 35. g5 Nd7 36. g6+ hxg6 37. Rxg6 Nf6 38. Rg1 Nd5+
0-1

[Event "2017 Standard Chess Dropout Tournament, Round 1"]
[Site "SchemingMind.com"]
[Date "2016.11.26"]
[Round "1"]
[White "michel"]
[Black "George Dimitrov"]
[Result "1/2-1/2"]
[WhiteCountry "CAN"]
[BlackCountry "BUL"]
[WhiteElo "2344"]
[WhiteRD "72"]
[BlackElo "2371"]
[BlackRD "104"]
[GameID "407024"]

1. e4 e5 2. Nf3 Nc6 3. Bc4 Nf6 4. Ng5 d5 5. exd5 Na5 6. Bb5+ c6 7. dxc6 bxc6 8. Bd3 Nd5 9. Nf3 Bd6 10. O-O O-O
11. Re1 Re8 12. Nc3 f5 13. Nxd5 cxd5 14. Bb5 Bd7 15. Bxd7 Qxd7 16. d3 Rac8 17. Be3 Bb8 18. c3 Nc6 19. Nh4 Qf7 20. g3 a5
21. Bc5 g5 22. Nf3 h6 23. Re2 e4 24. Ne1 Ne5 25. Bd4 Ba7 26. dxe4 dxe4 27. Bxa7 Qxa7 28. Qb3+ Kg7 29. Rd1 a4 30. Qc2 Rc7
31. h3 Qa6 32. Red2 Qc4 33. Rd4 Qxa2 34. Rxa4 Qe6 35. Qe2 Rb8 36. Rda1 Rbb7 37. Ra6 Qf7 38. R1a4 Re7 39. Rd4 Re6 40. Rdd6 Rxd6
41. Rxd6 Qe7 42. Ra6 Qc5 43. Qh5 Nc6 44. Ng2 Qc4 45. Ra8 Qf7 46. Qxf7+ Rxf7 47. Ne3 Ne5 48. Ra5 Nf3+ 49. Kg2 Kg6 50. Ra6+ Kg7
51. Nc4 Rf6 52. Rd6 Kf7 53. Rxf6+ Kxf6 54. b4 Ke6 55. b5 Ne1+ 56. Kf1 Nd3 57. Ke2 f4 58. gxf4 Nxf4+ 59. Ke3 Kd5 60. Nb2 Ng2+
61. Kd2 Nh4 62. c4+ Kd4 63. b6 Nf3+ 64. Kc2 Ne5 65. b7 Nc6 66. Kd2 h5 67. Nd1 Nb8 68. Ne3 Nc6 69. Nc2+ Kxc4 70. Ke3 Kc5
71. Kxe4 Kb6 72. Nd4 Nb8 73. Kf5 g4 74. h4 Kxb7 75. Ne6 Nc6 76. Nf4 Nd4+ 77. Kg5 Kc6 78. Kxh5 Kd6 79. Kxg4 Ke7 80. h5 Kf7
81. h6 Nc6 82. h7 Kg7 83. Kf5=
1/2-1/2

[Event "2017 Standard Chess Dropout Tournament, Round 1"]
[Site "SchemingMind.com"]
[Date "2016.11.28"]
[Round "1"]
[White "NYNH"]
[Black "Shanks"]
[Result "1-0"]
[WhiteCountry "USA"]
[BlackCountry "ENG"]
[WhiteElo "2002"]
[WhiteRD "95"]
[BlackElo "1352"]
[BlackRD "73"]
[GameID "407025"]

1. d4 d5 2. Nf3 h6 3. c4 c6 4. Nc3 dxc4 5. a4 Nf6 6. e4 Be6 7. Be2 Nbd7 8. d5 cxd5 9. exd5 Bg4 10. Bxc4 Nb6
11. Bb3 e6 12. dxe6 Qxd1+ 13. Nxd1 Bxe6 14. Bxe6 fxe6 15. O-O Kf7 16. Ne5+ Kg8 17. Ne3 Nbd5 18. N3c4 Nb4 19. Bd2 Nbd5 20. Ng6 Bc5
21. h3 Rh7 22. Rfe1 Kf7 23. Nce5+ Kg8 24. Rac1 Bd4 25. b4 h5 26. Nf3 Bb2 27. Rc2 Kf7 28. Rxb2 Kxg6 29. Ne5+ Kf5 30. Rb3 Ne4
31. Nf3 Nxd2 32. Nxd2 g5 33. Rf3+ Nf4 34. g3 g4 35. Rxf4+ Kg5 36. Re5+ Kg6 37. Rxe6+ Kg5 38. Ne4#
1-0

[Event "2017 Standard Chess Dropout Tournament, Round 1"]
[Site "SchemingMind.com"]
[Date "2016.11.30"]
[Round "1"]
[White "Phil28"]
[Black "pnwmusichound"]
[Result "1-0"]
[WhiteCountry "ENG"]
[BlackCountry "USA"]
[WhiteElo "1977"]
[WhiteRD "168"]
[BlackElo "1833"]
[BlackRD "96"]
[GameID "407026"]

1. d4 Nf6 2. Nf3 g6 3. Bf4 Bg7 4. e3 O-O 5. h3 b6 6. Be2 c5 7. O-O d5 8. c3 Nc6 9. Nbd2 Bb7 10. Qa4 a6
11. dxc5 bxc5 12. Rad1 Nh5 13. Bh2 e5 14. Qa3 c4 15. Nxc4 e4 16. Nfe5 Qg5 17. Nxc6 Bxc6 18. Nb6 Ra7 19. Qc5 Bb5 20. c4 Bd7
21. Rxd5 Bf5 22. Nc8 Ra8 23. Ne7+ Kh8 24. Nxf5
1-0

[Event "2017 Standard Chess Dropout Tournament, Round 1"]
[Site "SchemingMind.com"]
[Date "2016.11.26"]
[Round "1"]
[White "PION4290"]
[Black "JimM"]
[Result "1/2-1/2"]
[WhiteCountry "CAN"]
[BlackCountry "USA"]
[WhiteElo "1672"]
[WhiteRD "76"]
[BlackElo "1668"]
[BlackRD "80"]
[GameID "407028"]

1. e4 c5 2. Bc4 Nc6 3. Nf3 g6 4. Ng5 Ne5 5. Be2 Bg7 6. c3 Nc6 7. Bc4 e6 8. d3 Na5 9. Bb5 a6 10. Ba4 b5
11. Bc2 Bb7 12. O-O Nf6 13. e5 Nd5 14. Qf3 Qe7 15. d4 cxd4 16. cxd4 Nc6 17. Be3 Nxe3 18. Qxe3 O-O 19. Nd2 Nxd4 20. Bd3 Nc6
21. f4 Nb4 22. a3 Nxd3 23. Qxd3 Bd5 24. Ngf3 d6 25. Rfe1 dxe5 26. fxe5 Rfd8 27. Qe3 Rac8 28. Rac1 f6 29. b4 fxe5 30. Nxe5 Qb7
31. Rxc8 Rxc8 32. Qg3 Qb6+ 33. Kh1 Qd4 34. Ndf3 Qb2 35. h3 Qxa3 36. Nd7 Qxb4 37. Nb6 Rf8 38. Nxd5 exd5 39. Ng5 Bc3 40. Rd1 Qc4
41. Ne6 Rf1+ 42. Rxf1 Qxf1+ 43. Kh2 Qf6 44. Qb8+ Kf7 45. Nd8+ Kg7 46. Qc7+ Kf8 47. Qc5+ Ke8 48. Nc6 Be5+ 49. Nxe5 Qxe5+ 50. Kh1 Kd7
51. Qa7+ Qc7 52. Qxa6 Qc6 53. Qa7+= Qc7 54. Qd4 Kd6 55. Qf6+ Kc5 56. Qf8+ Qd6 57. Qg7 h5 58. Qa7+ Kc4 59. Qa2+ Kc5 60. Qc2+ Kb6
61. Qf2+ d4 62. Qh4 b4 63. Qe1 Kb5 64. Qe8+ Kc4 65. Qf7+ Kc3 66. Qa2 b3 67. Qa1+ b2 68. Qe1+ Kb3 69. Qd1+ Ka2 70. Qa4+ Qa3
71. Qc4+ Ka1 72. Qxd4 Ka2 73. Qc4+ Qb3 74. Qa6+ Kb1 75. Qxg6+ Qc2 76. Qxh5 Kc1 77. Qg5+ Qd2 78. Qc5+ Kd1 79. Qh5+ Kc2 80. Qf5+ Kc1
81. Qc5+ Qc2 82. Qg5+ Kb1 83. Qb5 Qc3 84. h4 Qe1+ 85. Kh2 Qxh4+ 86. Kg1 Qd4+ 87. Kh2 Kc2 88. Qc6+ Qc3=
1/2-1/2

[Event "2017 Standard Chess Dropout Tournament, Round 1"]
[Site "SchemingMind.com"]
[Date "2016.11.30"]
[Round "1"]
[White "pnwmusichound"]
[Black "Sebastian Strauchler"]
[Result "0-1"]
[WhiteCountry "USA"]
[BlackCountry "ARG"]
[WhiteElo "1833"]
[WhiteRD "96"]
[BlackElo "2302"]
[BlackRD "114"]
[GameID "407030"]

1. e4 c5 2. b3 g6 3. Bb2 Nf6 4. e5 Nd5 5. e6 f6 6. Bb5 Nc6 7. exd7+ Bxd7 8. Nc3 Nxc3 9. Bxc3 e5 10. Qf3 Bd6
11. O-O-O O-O 12. Qd5+ Kg7 13. Qxd6 Rc8 14. Qd3 Qc7 15. Bc4 Nb4 16. Bxb4 cxb4 17. h4 b5 18. Bxb5 Bxb5 19. c4 bxc3 20. Qxb5 cxd2+
21. Kxd2 Rfd8+ 22. Ke1 Qc3+ 23. Ke2 Qc2+ 24. Kf3 Rc3+
0-1

[Event "2017 Standard Chess Dropout Tournament, Round 1"]
[Site "SchemingMind.com"]
[Date "2016.11.25"]
[Round "1"]
[White "private napoleon"]
[Black "Diadoco"]
[Result "0-1"]
[WhiteCountry "ENG"]
[BlackCountry "MEX"]
[WhiteElo "1779"]
[WhiteRD "81"]
[BlackElo "2005"]
[BlackRD "84"]
[GameID "407031"]

1. e4 c5 2. Nf3 d6 3. d4 cxd4 4. Nxd4 Nf6 5. Nc3 a6 6. Bc4 e6 7. Bb3 Nbd7 8. O-O Nc5 9. f3 Be7 10. Be3 O-O
11. Qd2 Qc7 12. Kh1 b5 13. a3 Nxb3 14. Nxb3 Bb7 15. Rad1 Rac8 16. Bf4 Rfd8 17. Qe3 h6 18. Bxh6 gxh6 19. Qxh6 Nh7 20. f4 Bf8
21. Qh5 f6 22. Rf3 Rd7 23. Qg4+ Rg7 24. Qxe6+ Qf7 25. Qxf7+ Kxf7 26. Rd2 Be7 27. Nd5 Nf8 28. Nd4 Bxd5 29. exd5 Nd7 30. Rh3 Nc5
31. Nf5 Bf8 32. Re2 Rg4 33. Rh7+ Kg8 34. Rh3 Rxf4 35. Rg3+ Kf7 36. Ne3 Re8 37. h3 Ne4
0-1

[Event "2017 Standard Chess Dropout Tournament, Round 1"]
[Site "SchemingMind.com"]
[Date "2016.11.27"]
[Round "1"]
[White "Quaff"]
[Black "Abacist"]
[Result "1-0"]
[WhiteCountry "ENG"]
[BlackCountry "USA"]
[WhiteElo "1588"]
[WhiteRD "68"]
[BlackElo "1422"]
[BlackRD "190"]
[GameID "407032"]

1. e4 e5 2. Nf3 Nc6 3. Bc4 Nf6 4. d3 Bc5 5. O-O d6 6. h3 O-O 7. Bg5 h6 8. Bh4 g5 9. Nxg5 hxg5 10. Bxg5 Kg7
11. Qf3 Nd4 12. Qd1 b5 13. c3 bxc4 14. cxd4 Bxd4 15. Nc3 cxd3 16. Qxd3 Rb8 17. Rab1 Qd7 18. Qg3 Nh5 19. Qd3 f5 20. Qd2 fxe4
21. Bh6+ Kg8 22. Bxf8 Bxc3 23. Qxc3 Kxf8 24. Qe3 Qa4 25. Qh6+ Ng7 26. f4 Qd4+ 27. Kh2 Kg8 28. fxe5 Qxe5+ 29. Kh1 Rxb2 30. Rxb2 Qxb2
31. Qf4 Qxa2 32. Qf8+ Kh7 33. Qxc8 Qc4 34. Qf8 Qe6 35. Qf2 c5 36. Qh4+ Kg8 37. Rf6 Qe5 38. Qf2 Qa1+ 39. Kh2 Qe5+ 40. g3 d5
41. Rf8+ Kh7 42. Qxc5
1-0

[Event "2017 Standard Chess Dropout Tournament, Round 1"]
[Site "SchemingMind.com"]
[Date "2016.11.26"]
[Round "1"]
[White "Ragged Rook"]
[Black "William Lindberg"]
[Result "0-1"]
[WhiteCountry "ENG"]
[BlackCountry "USA"]
[WhiteElo "1868"]
[WhiteRD "86"]
[BlackElo "2408"]
[BlackRD "71"]
[GameID "407033"]

1. e4 e5 2. Nf3 Nc6 3. Bc4 Nf6 4. d4 exd4 5. e5 d5 6. Bb5 Ne4 7. Nxd4 Bd7 8. Bxc6 bxc6 9. O-O Bc5 10. f3 Ng5
11. Be3 Bb6 12. f4 c5 13. Nf3 Nxf3+ 14. Qxf3 Bf5 15. Na3 Qd7 16. c4 Be4 17. Qe2 d4 18. Rad1 Bf5 19. Qf3 Rb8 20. h3 Qe6
21. Bd2 Qg6 22. Rfe1 O-O 23. Kh2 h5 24. Qg3 Qh7 25. Qf2 Rfe8 26. b3 Re6 27. g3 Rbe8 28. Qg2 c6 29. Rf1 Be4 30. Qf2 f6
31. Bc1 Bc7 32. exf6 Bd3 33. Rfe1 Re2
0-1

[Event "2017 Standard Chess Dropout Tournament, Round 1"]
[Site "SchemingMind.com"]
[Date "2016.11.26"]
[Round "1"]
[White "roscoe"]
[Black "maro"]
[Result "0-1"]
[WhiteCountry "USA"]
[BlackCountry "MEX"]
[WhiteElo "1289"]
[WhiteRD "85"]
[BlackElo "1338"]
[BlackRD "67"]
[GameID "407034"]

1. Nf3 Nc6 2. d4 e5 3. e3 exd4 4. exd4 d5 5. g3 Bd6 6. Bg2 Nf6 7. O-O O-O 8. Re1 Bb4 9. Bd2 Bg4 10. Bxb4 Nxb4
11. Qd2 Qd6 12. a3 Nc6 13. h3 Ne4 14. Rxe4 dxe4 15. hxg4 exf3 16. Bxf3 Qf6 17. Qf4 Qe6 18. Nc3 Rad8 19. d5 Qe5 20. Qxe5 Nxe5
21. Be2 c6 22. Rd1 Rfe8 23. d6 b5 24. Kg2 Re6 25. Ne4 g6 26. d7 Nxd7 27. Bf3 f5 28. gxf5 gxf5 29. Ng5 Rh6 30. Rh1 Kg7
31. Bh5 Ne5 32. b4 Kf6 33. Nf3 Nxf3 34. Bxf3 Rxh1 35. Kxh1 Kg5 36. Bxc6 Kg4 37. Kg2 h5 38. f3+ Kg5 39. Bxb5 Rd5 40. f4+ Kf6
41. c4 Rd2+ 42. Kf3 Rd3+
0-1

[Event "2017 Standard Chess Dropout Tournament, Round 1"]
[Site "SchemingMind.com"]
[Date "2016.11.27"]
[Round "1"]
[White "Rudi Ratlos"]
[Black "Glenn O'Brien"]
[Result "1-0"]
[WhiteCountry "GER"]
[BlackCountry "AUS"]
[WhiteElo "2158"]
[WhiteRD "131"]
[BlackElo "2023"]
[BlackRD "86"]
[GameID "407035"]

1. c4 e5 2. g3 Nf6 3. Bg2 d5 4. cxd5 Nxd5 5. Nc3 Nb6 6. Nf3 Nc6 7. O-O Be7 8. d3 O-O 9. Be3 Be6 10. Rc1 f5
11. b4 a6 12. a3 Kh8 13. Na4 Nxa4 14. Qxa4 Bd5 15. Bc5 Bxc5 16. Rxc5 e4 17. Nd2 Nd4 18. Re1 Bb3 19. Nxb3 b5 20. Qa5 Nxb3
21. Qxc7 Nxc5 22. Qxc5 Rc8 23. Qa7 Qe8 24. dxe4 fxe4 25. Qxa6 e3 26. f4 Rf6 27. Qb7 Rd6 28. Qe4 Qxe4 29. Bxe4 Rc3 30. Bd3 g5
31. fxg5 Rd5 32. h4 Rxa3 33. Rc1 Rb3 34. Rc8+ Kg7 35. Rc7+ Kf8 36. Bxh7 Rxb4 37. g6 Rg4 38. Kg2 Rdd4 39. Kf3 b4 40. Rf7+ Ke8
41. Rb7 Kf8 42. h5 Rg5 43. h6 Rgg4 44. g7+
1-0

[Event "2017 Standard Chess Dropout Tournament, Round 1"]
[Site "SchemingMind.com"]
[Date "2016.11.25"]
[Round "1"]
[White "Russell Sherwood"]
[Black "thefriediceman"]
[Result "1-0"]
[WhiteCountry "WLS"]
[BlackCountry "USA"]
[WhiteElo "2172"]
[WhiteRD "120"]
[BlackElo "2043"]
[BlackRD "116"]
[GameID "407036"]

1. d4 d5 2. c4 c6 3. Nc3 Nf6 4. Nf3 e6 5. Bg5 Be7 6. e3 Nbd7 7. Bd3 O-O 8. O-O dxc4 9. Bxc4 b5 10. Bd3 a6
11. Qc2 h6 12. Bxf6 Bxf6 13. Ne4 Bb7 14. Nd6 Qb6 15. Rac1 Be7 16. Nxb7 Qxb7 17. Qxc6 Qxc6 18. Rxc6 Rfc8 19. Rfc1 Nb6 20. g3 Kf8
21. Ne5 Rxc6 22. Rxc6 Nd5 23. Be4 Nb4 24. Rc7 Rd8 25. a3 Nd5 26. Ra7 Rd6 27. Bxd5 exd5 28. Nd7+ Ke8 29. Nc5 Rd8 30. Nxa6
1-0

[Event "2017 Standard Chess Dropout Tournament, Round 1"]
[Site "SchemingMind.com"]
[Date "2016.11.27"]
[Round "1"]
[White "sbb"]
[Black "Jari Laine"]
[Result "1-0"]
[WhiteCountry "USA"]
[BlackCountry "FIN"]
[WhiteElo "2500"]
[WhiteRD "79"]
[BlackElo "2347"]
[BlackRD "82"]
[GameID "407037"]

1. e4 e5 2. Nf3 Nc6 3. Bc4 Bc5 4. c3 Nf6 5. d4 exd4 6. cxd4 Bb4+ 7. Nbd2 Nxe4 8. d5 Nxd2 9. Bxd2 Qe7+ 10. Kf1 Bxd2
11. Qxd2 Qc5 12. Qc3 Ne7 13. b4 Qd6 14. Qxg7 Rg8 15. Qxh7 Qxb4 16. Ne5 Rf8 17. d6 Qxd6 18. Qg7 Nf5 19. Qg5 Qe7 20. h4 d5
21. Bxd5 c6 22. Bb3 Nd4 23. Re1 Be6 24. Bxe6 Nxe6 25. Qe3 Qb4 26. Rh3 Qa4 27. h5 O-O-O 28. Nxf7 Qc4+ 29. Kg1 Rxf7 30. Qxe6+ Qxe6
31. Rxe6 Rdf8 32. f3 Kd7 33. Re3 c5 34. h6 Rf6 35. g4 Re6 36. Rxe6 Kxe6 37. g5 Kf5 38. f4
1-0

[Event "2017 Standard Chess Dropout Tournament, Round 1"]
[Site "SchemingMind.com"]
[Date "2016.11.29"]
[Round "1"]
[White "Shanks"]
[Black "roscoe"]
[Result "1-0"]
[WhiteCountry "ENG"]
[BlackCountry "USA"]
[WhiteElo "1335"]
[WhiteRD "75"]
[BlackElo "1314"]
[BlackRD "87"]
[GameID "407038"]

1. d4 d5 2. Nc3 Nf6 3. Nf3 e6 4. a3 g6 5. Bd2 Bg7 6. Be3 O-O 7. Qd2 b6 8. Ne5 Ne4 9. Nxe4 dxe4 10. Bh6 Qd5
11. Bxg7 Kxg7 12. e3 Nc6 13. c4 Qa5 14. Nxc6 Qxd2+ 15. Kxd2 Bd7 16. Ne5 Ba4 17. b4 f6 18. Ng4 h5 19. Be2 hxg4 20. Bxg4 f5
21. Be2 c5 22. b5 cxd4 23. exd4 Rad8 24. Kc3 a5 25. h4 f4 26. h5 f3 27. h6+ Kh7 28. gxf3 exf3 29. Bd3 Rf6 30. Rac1 e5
31. d5 Rf4 32. Rce1 Re8 33. d6 e4 34. Bxe4 Rexe4 35. Rxe4 Rxe4 36. d7
1-0

[Event "2017 Standard Chess Dropout Tournament, Round 1"]
[Site "SchemingMind.com"]
[Date "2016.11.30"]
[Round "1"]
[White "simon_w"]
[Black "Wojciech  Langer"]
[Result "1/2-1/2"]
[WhiteCountry "IRL"]
[BlackCountry "INT"]
[WhiteElo "1795"]
[WhiteRD "112"]
[BlackElo "1751"]
[BlackRD "92"]
[GameID "407039"]

1. e4 e5 2. Nf3 Nc6 3. Bb5 a6 4. Ba4 Nf6 5. O-O Be7 6. Re1 b5 7. Bb3 O-O 8. c3 d5 9. exd5 Nxd5 10. Nxe5 Nxe5
11. Rxe5 c6 12. Bxd5 cxd5 13. d4 Bd6 14. Re3 Qc7 15. g3 Bh3 16. Qh5 Be6 17. Nd2 Qd7 18. Nf3 f6 19. Bd2 Rae8 20. Rxe6 Qxe6
21. Re1 Qf7 22. Qxf7+ Kxf7 23. Rxe8 Rxe8 24. Be3 g5 25. Kf1 h5 26. Nd2 a5 27. Ke2 h4 28. Nf3 hxg3 29. hxg3 b4 30. Kd3 a4
31. c4 dxc4+ 32. Kxc4 a3 33. b3 Rc8+ 34. Kd3 Ke6 35. Bd2 Rc7 36. Ne1 Kd5 37. Nc2 Rb7 38. Ne3+ Ke6 39. Nc4 Bf8 40. Be3 Kd5
41. Bd2 Ke6 42. Be3=
1/2-1/2

[Event "2017 Standard Chess Dropout Tournament, Round 1"]
[Site "SchemingMind.com"]
[Date "2016.11.27"]
[Round "1"]
[White "Adrian Grajczak"]
[Black "dode"]
[Result "1-0"]
[WhiteCountry "POL"]
[BlackCountry "SCO"]
[WhiteElo "1894"]
[WhiteRD "89"]
[BlackElo "1067"]
[BlackRD "112"]
[GameID "407040"]

1. e4 e5 2. Nf3 Nf6 3. Nxe5 d6 4. Nf3 Nc6 5. d3 h6 6. Be2 d5 7. exd5 Nxd5 8. O-O f5 9. Re1 Be6 10. c4 Qd6
11. cxd5 Bxd5 12. Nc3 g5 13. Bf1+ Kf7 14. b3 g4 15. Nd2 Nd4 16. Bb2 Ne6 17. Nxd5 Qxd5 18. Bxh8 Nf4 19. Be5 Bc5 20. Bxf4 h5
21. Nc4 h4 22. Re5 Qc6 23. Rxf5+ Kg6 24. Qxg4+ Kh7 25. Rf7+ Kh8 26. Qg7#
1-0

[Event "2017 Standard Chess Dropout Tournament, Round 1"]
[Site "SchemingMind.com"]
[Date "2016.11.27"]
[Round "1"]
[White "smothered mate"]
[Black "Ragged Rook"]
[Result "0-1"]
[WhiteCountry "POL"]
[BlackCountry "ENG"]
[WhiteElo "1915"]
[WhiteRD "67"]
[BlackElo "1914"]
[BlackRD "91"]
[GameID "407041"]

1. d4 e6 2. e4 a6 3. Nf3 b5 4. a4 b4 5. c3 bxc3 6. bxc3 c5 7. Ba3 Nf6 8. Nbd2 Bb7 9. Bd3 cxd4 10. Bxf8 dxc3
11. Bxg7 cxd2+ 12. Qxd2 Rg8 13. Qh6 Qa5+ 14. Kf1 Qc3 15. Qxf6 Qxd3+ 16. Kg1 Qxe4 17. h4 Qg6 18. Qxg6 fxg6 19. Be5 Bxf3 20. gxf3 Rf8
21. f4 Rf5 22. Rh3 Nc6 23. Bd6 Rd5 24. Bc7 Rc8 25. Bb6 Ne7 26. Rb3 Rh5 27. Be3 Nd5 28. Kg2 Rxh4 29. Kg3 Rh5 30. Bd4 Rf5
31. Be5 g5 32. Rf3 Rc4 33. Bd6 Nxf4 34. Rb3 Ne2+ 35. Kg2 Rc1 36. Ra2 Rg1+ 37. Kh2 Rxf2+
0-1

[Event "2017 Standard Chess Dropout Tournament, Round 1"]
[Site "SchemingMind.com"]
[Date "2016.11.25"]
[Round "1"]
[White "Stephen Woodhouse"]
[Black "private napoleon"]
[Result "1-0"]
[WhiteCountry "ENG"]
[BlackCountry "ENG"]
[WhiteElo "1924"]
[WhiteRD "53"]
[BlackElo "1779"]
[BlackRD "81"]
[GameID "407042"]

1. e4 e5 2. Nf3 Nc6 3. d4 exd4 4. Nxd4 d6 5. Be3 Bd7 6. Nc3 Be7 7. Bc4 Nf6 8. O-O O-O 9. f3 Nxd4 10. Bxd4 Bc6
11. Qd2 Nd7 12. Rad1 Bf6 13. Nd5 Bxd4+ 14. Qxd4 Kh8 15. Ne3 Qf6 16. Qxf6 Nxf6 17. Nd5 Nxd5 18. Bxd5 f5 19. Bxc6 bxc6 20. Rfe1 fxe4
21. Rxe4 Rae8 22. Rde1 Rxe4 23. Rxe4 h6 24. Re7 Rc8 25. Kf2 Kh7 26. Ke3 Kg6 27. b3 Kf6 28. Re4 c5 29. f4 c6 30. g4 Rc7
31. h4 d5 32. Re5 Rb7 33. g5+ hxg5 34. hxg5+ Kf7 35. f5 Rb8 36. Re6 Re8 37. Rxe8 Kxe8 38. Kf4 Ke7 39. Ke5 Kd7 40. f6 gxf6+
41. Kxf6 Ke8 42. Ke6
1-0

[Event "2017 Standard Chess Dropout Tournament, Round 1"]
[Site "SchemingMind.com"]
[Date "2016.11.25"]
[Round "1"]
[White "surfnsuds"]
[Black "Henk Miedema"]
[Result "1-0"]
[WhiteCountry "USA"]
[BlackCountry "NED"]
[WhiteElo "1333"]
[WhiteRD "73"]
[BlackElo "891"]
[BlackRD "63"]
[GameID "407043"]

1. e4 e5 2. Nf3 Bc5 3. Nc3 Nf6 4. Bc4 Qe7 5. O-O Ng4 6. d4 O-O 7. dxc5 Qxc5 8. Qd5 d6 9. a3 Qxd5 10. Nxd5 Nc6
11. h3 Nh6 12. Bxh6 gxh6 13. Nh4 Re8 14. Nf6+ Kf8 15. Nxe8 Kxe8 16. g3 Nd4 17. c3 Nc6 18. g4 Bd7 19. Rad1 Be6 20. Bxe6 fxe6
21. c4 Kd7 22. c5 Rd8 23. Rd3 Kc8 24. Rfd1 Na5 25. cxd6 Nc4 26. d7+ Kb8 27. b4 Nb2 28. a4 Nxd1 29. Rxd1 a6 30. Nf3 Ka7
31. Nxe5 b6 32. Nf7 Rf8 33. Nxh6 Rd8 34. Nf7
1-0

[Event "2017 Standard Chess Dropout Tournament, Round 1"]
[Site "SchemingMind.com"]
[Date "2016.11.25"]
[Round "1"]
[White "thefriediceman"]
[Black "flammablepawn"]
[Result "0-1"]
[WhiteCountry "USA"]
[BlackCountry "USA"]
[WhiteElo "1992"]
[WhiteRD "116"]
[BlackElo "1882"]
[BlackRD "112"]
[GameID "407044"]

1. e4 e6 2. Nc3 d5 3. g3 d4 4. Nce2 c5 5. d3 Nc6 6. f4 Nf6 7. h3 Be7 8. Bg2 O-O 9. Nf3 Nd7 10. O-O f6
11. g4 f5 12. exf5 exf5 13. g5 g6 14. Bd2 Bd6 15. c3 dxc3 16. Bxc3 Nb6 17. Nd2 Qc7 18. Nc4 Be6 19. Nxd6 Qxd6 20. Qc2 Nd5
21. Qd2 Rfe8 22. a3 Rac8 23. Rae1 Bf7 24. Rf3 Re6 25. Kf2 Rce8 26. Rg3 Nd4 27. Bxd4 cxd4 28. Rf3 Re3 29. Bf1 Rxf3+ 30. Kxf3 Re3+
31. Kf2 Nxf4 32. Ng1 Nd5 33. Nf3 Qf4 34. Qd1 h6 35. h4 Rxf3+ 36. Qxf3 Qxh4+ 37. Ke2 Qh2+ 38. Bg2 Nf4+ 39. Kf1 Bd5 40. Qxd5+ Nxd5
41. Bxd5+ Kf8 42. gxh6 Qxh6 43. Bxb7 Qd2 44. Ba6 Qxb2 45. a4 f4 46. Re4 g5 47. Re5 Qa1+ 48. Kf2 Qxa4 49. Bb5 Qa5 50. Rf5+ Ke7
51. Rc5 a6 52. Rc7+ Qxc7
0-1

[Event "2017 Standard Chess Dropout Tournament, Round 1"]
[Site "SchemingMind.com"]
[Date "2016.11.29"]
[Round "1"]
[White "Trevor Brotherton"]
[Black "frankly"]
[Result "0-1"]
[WhiteCountry "ENG"]
[BlackCountry "ENG"]
[WhiteElo "2507"]
[WhiteRD "96"]
[BlackElo "2531"]
[BlackRD "59"]
[GameID "407045"]

1. g3 d5 2. Bg2 e5 3. d3 Nf6 4. Nf3 Nc6 5. O-O Be7 6. c4 O-O 7. cxd5 Nxd5 8. Nc3 Nb6 9. a3 Be6 10. b4 a5
11. b5 Nd4 12. Nd2 c6 13. bxc6 Nxc6 14. Rb1 a4 15. Bxc6 bxc6 16. Qc2 f6 17. Nce4 c5 18. Nc4 Nxc4 19. dxc4 Qc7 20. Rd1 Bf7
21. Kg2 Qc6 22. f3 f5 23. Nf2 Rac8 24. Bb2 e4 25. Qc3 Bf6 26. Qc1 Bxb2 27. Rxb2 h6 28. Qc3 Rfe8 29. fxe4 fxe4 30. e3 Rb8
31. Rc1 Qc8 32. Kg1 Qf5 33. Rb5 Rbd8 34. Rf1 Rf8 35. Rb2 Be6 36. Rbb1 Rf6 37. Nh1 Rd3 38. Qa5 Qe5 39. Qa8+ Kh7 40. Rxf6 Qxf6
41. Rf1 Qe5 42. Qe8 Qd6 43. Rf8 g6 44. Rf1 Rxe3 45. Nf2 Qd7 46. Qxd7+ Bxd7 47. Nxe4 Bh3 48. Rf7+ Kg8 49. Re7 Rf3 50. Nf2 Bf5
51. g4 Bc2 52. Re2 Rc3 53. Kf1 g5 54. Ke1 Kf7 55. Rd2 Ke7 56. Re2+ Kf6 57. Rd2 Ke5 58. Rd5+ Kf4 59. Rxc5 Rxa3 60. Kd2 Ra2
61. Kc3 Kf3 62. Nd3 Bxd3 63. Kxd3 Kxg4 64. Ra5 Kf4 65. c5 Ke5 66. Kc3 Rxh2 67. Rxa4 Kd5 68. Ra5 g4 69. Ra7 Kxc5 70. Kd3 h5
71. Rg7 Kd5 72. Rg5+ Ke6 73. Ke4 Kf6 74. Rg8 Re2+ 75. Kf4 Rg2 76. Rh8 Rf2+ 77. Kg3 Rf3+ 78. Kg2 Kg5 79. Rb8 Rd3 80. Rb5+ Kh4
81. Rb2 Rd4
0-1